000 00744nam a22002297a 4500
003 UA-OsUOA
001 31081
007 ta
008 20041201b un ||||| |||| 00| 0 ukr d
090 _a903
_bС28
942 _cBK
040 _aUA-OsUOA
_brus
_cUA-OsUOA
_dUA-OsUOA
245 _aСеверно-западное Причерноморье в эпоху первобытно-общинного строя
_bСборник научных трудов
_cРед. В. Н.Станко В. П.Ванчугов Э. Ф.Патокова
300 _a144 с.
_bІлюстрації
955 _a0
041 _arus
080 _a903
260 _aКиев
_bНаукова думка
_c1980
044 _aUA
650 7 _2UDC
999 _c317502
_d317502